[Event "Qatar Masters Open 2014"]
[Site "Doha QAT"]
[Date "2014.12.04"]
[Round "9.42"]
[White "Krush,I"]
[Black "Ju Wenjun"]
[Result "0-1"]
[WhiteElo "2453"]
[BlackElo "2582"]

1.d4 Nf6 2.c4 g6 3.Nc3 Bg7 4.e4 d6 5.Nf3 O-O 6.Be2 e5 7.O-O Nc6 8.d5 Ne7
9.Ne1 Nd7 10.Be3 f5 11.f3 f4 12.Bf2 g5 13.Rc1 Ng6 14.Nb5 b6 15.b4 a6 16.Nc3 h5
17.c5 Bh6 18.cxd6 cxd6 19.Rc2 Kh7 20.Nd3 Rb8 21.Nb2 Nf6 22.b5 g4 23.bxa6 g3
24.Be1 Nd7 25.a7 Ra8 26.Nb5 Nc5 27.h3 Nh4 28.Bd3 Rg8 29.Nc4 Bxh3 30.Nbxd6 Bc8
31.Nxc8 Rxc8 32.Nxe5 Bg7 33.Bc3 Bxe5 34.Bxe5 Ng6 35.Bd4 Qh4 36.Re1 Qh2+ 37.Kf1 Qh1+
38.Bg1 h4 39.e5 Nxd3 40.Rxc8 h3 41.gxh3 Rxc8 42.Qxd3 Qxh3+ 43.Ke2 Qg2+ 44.Kd1 Qb2
45.Qd2 Qb1+ 46.Ke2 Qb5+ 47.Kd1 Qa4+ 48.Ke2 Rc2 49.Bxb6 Nxe5 50.a8=Q Qc4+
51.Kd1 Rxd2+ 52.Kxd2 Nxf3+ 53.Kd1 Qd3+ 54.Kc1 Qc3+ 55.Kb1 Nd2+  0-1

[Event "Gibraltar Masters 2015"]
[Site "Caleta ENG"]
[Date "2015.01.30"]
[Round "4.23"]
[White "Krush,I"]
[Black "Matlakov,M"]
[Result "0-1"]
[WhiteElo "2467"]
[BlackElo "2695"]

1.d4 Nf6 2.c4 e6 3.Nc3 Bb4 4.Qc2 d5 5.cxd5 Qxd5 6.Nf3 Qf5 7.Qb3 Nc6 8.a3 Bxc3+
9.Qxc3 Ne4 10.Qc4 O-O 11.e3 e5 12.d5 Nd6 13.Qc5 e4 14.Nd4 Nxd4 15.Qxd4 Rd8
16.Bd2 Ne8 17.Bc4 c6 18.Bc3 cxd5 19.O-O Qg5  0-1

[Event "Gibraltar Masters 2015"]
[Site "Caleta ENG"]
[Date "2015.01.31"]
[Round "5.55"]
[White "Barrenechea Bahamonde,G"]
[Black "Krush,I"]
[Result "0-1"]
[WhiteElo "2223"]
[BlackElo "2467"]

1.e4 c5 2.d4 cxd4 3.c3 dxc3 4.Nxc3 Nc6 5.Nf3 e6 6.Bc4 Be7 7.O-O d6 8.Qe2 a6
9.Rd1 Bd7 10.Bf4 e5 11.Be3 Nf6 12.Rac1 O-O 13.a3 Rc8 14.b4 b5 15.Bb3 Ng4
16.Bd2 Nd4 17.Nxd4 exd4 18.Nd5 Ne5 19.Bf4 Bf6 20.Kh1 d3 21.Qd2 Nc4 22.Bxc4 bxc4
23.Bxd6 Re8 24.Re1 Bd4 25.e5 Qh4 26.f3 Qf2 27.Qxf2 Bxf2 28.Red1 Be6 29.Nc7 Rxc7
30.Bxc7 Be3 31.Rc3 Rc8 32.Bd6 Bd4 33.Rcc1 Bb2 34.Rb1 c3  0-1

[Event "Gibraltar Masters 2015"]
[Site "Caleta ENG"]
[Date "2015.02.01"]
[Round "6.50"]
[White "Krush,I"]
[Black "Bar,Av"]
[Result "1-0"]
[WhiteElo "2467"]
[BlackElo "2142"]

1.g3 e5 2.c4 Nf6 3.Bg2 Nc6 4.Nc3 Bb4 5.Nd5 Bd6 6.a3 O-O 7.Nc3 h6 8.e3 Re8
9.d3 Bf8 10.Nge2 Ne7 11.O-O d5 12.cxd5 Nexd5 13.b4 Bg4 14.Qc2 Qd7 15.Bb2 Nxc3
16.Nxc3 Bh3 17.Rfd1 Bxg2 18.Kxg2 Nh7 19.h4 Nf6 20.e4 a5 21.b5 Bc5 22.Nd5 b6
23.Nxf6+ gxf6 24.a4 Rad8 25.Ba3 Bd6 26.Rdc1 Re7 27.Qd2 Kg7 28.Rc6 Re6 29.Qc2 Bxa3
30.Rxe6 Bd6 31.Rxd6 Qxd6 32.Rd1 Rd7 33.Qe2 Qd4 34.Qg4+ Kf8 35.Rd2 Ke7 36.Qd1 Qc3
37.Kf3 Kd8 38.Ke2 Rd4 39.Ra2 Rb4 40.Rc2 Qb3 41.Qc1 Rd4 42.Rc3 Qa2+ 43.Kf1 Rxa4
44.Qxh6 Qe6 45.Rc6 Qh3+ 46.Ke2 Ra2+ 47.Ke3 Kc8 48.Qf8+  1-0

[Event "Gibraltar Masters 2015"]
[Site "Caleta ENG"]
[Date "2015.02.02"]
[Round "7.19"]
[White "Anton Guijarro,D"]
[Black "Krush,I"]
[Result "1/2-1/2"]
[WhiteElo "2617"]
[BlackElo "2467"]

1.d4 Nf6 2.c4 e6 3.Nf3 d5 4.Nc3 dxc4 5.Bg5 c5 6.e3 cxd4 7.exd4 Be7 8.Bxc4 a6
9.Ne5 b5 10.Be2 Bb7 11.Bf3 Ra7 12.O-O O-O 13.Rc1 b4 14.Na4 Bxf3 15.Qxf3 Nd5
16.Bxe7 Qxe7 17.Rfe1 Rc7 18.Nc5 Rfc8 19.Rcd1 a5 20.Qb3 Qd8 21.Qa4 Nc6 22.Nxc6 Rxc6
23.Qb5 h6 24.g3 Qb6 25.Qe2 Rd8 26.Qf3 Nf6 27.a4 bxa3 28.bxa3 Rcc8 29.Qc3 Rd5
30.Rb1 Qd8 31.Rb5 Rxd4 32.Qxa5 Qxa5 33.Rxa5 Rd5 34.Nb3 Rd3 35.Nc5 Rd5 36.Nb3 Rd3
37.Nc5 Rd5  1/2-1/2

[Event "Gibraltar Masters 2015"]
[Site "Caleta ENG"]
[Date "2015.02.03"]
[Round "8.26"]
[White "Krush,I"]
[Black "Grandelius,N"]
[Result "1/2-1/2"]
[WhiteElo "2467"]
[BlackElo "2602"]

1.c4 e5 2.g3 c6 3.d4 e4 4.Nc3 d5 5.Nh3 Na6 6.Bg2 h6 7.O-O Nf6 8.cxd5 cxd5
9.Bf4 Bb4 10.Be5 Bxc3 11.bxc3 O-O 12.Qb3 Ng4 13.Nf4 Re8 14.Nxd5 Nxe5 15.dxe5 Rxe5
16.c4 Nc5 17.Qc3 Re8 18.Rfd1 Bg4 19.Rd2 Rc8 20.Rad1 Qg5 21.Qa3 a6 22.Ne3 Be6
23.Qb2 Rb8 24.Qb6 Qe5 25.Rd5 Bxd5 26.Rxd5 Qa1+ 27.Rd1 Qe5 28.Rd5 Qa1+ 29.Rd1 Qe5  1/2-1/2

[Event "Gibraltar Masters 2015"]
[Site "Caleta ENG"]
[Date "2015.02.04"]
[Round "9.28"]
[White "Sengupta,D"]
[Black "Krush,I"]
[Result "1-0"]
[WhiteElo "2569"]
[BlackElo "2467"]

1.e4 c5 2.Nf3 e6 3.d4 cxd4 4.Nxd4 Nc6 5.Nb5 d6 6.c4 Nf6 7.N1c3 a6 8.Na3 Be7
9.Be2 O-O 10.O-O b6 11.Be3 Bb7 12.Rc1 Ne5 13.Qd4 Rb8 14.Rfd1 Ba8 15.f3 Re8
16.Bf1 Qc7 17.Qd2 Qb7 18.Kh1 Rbc8 19.Qf2 Ned7 20.Nab1 Qb8 21.Rc2 Bd8 22.c5 bxc5
23.Bxa6 Rc6 24.Bb5 Rb6 25.a4 Bc6 26.Bf4 Bc7 27.Bxc6 Rxc6 28.Nb5 Nh5 29.Bc1 Ne5
30.f4 Nd7 31.e5 d5 32.Nxc7 Qxc7 33.g4 Nhf6 34.exf6 Nxf6 35.Qf3 Qa5 36.Nc3 Rb6
37.Bd2 Rb3 38.g5 Nd7 39.Qf1 Qa8 40.Qg2 Reb8 41.Be1 c4 42.f5 Nc5 43.Bg3 Rc8
44.Re2 Qc6 45.Rf1 Nd3 46.Nb5 Qd7 47.fxe6 fxe6 48.Nd6 Rf8 49.Rxf8+ Kxf8 50.Qh3 Rxb2
51.Rxb2 Nxb2 52.Qxh7  1-0

[Event "Gibraltar Masters 2015"]
[Site "Caleta ENG"]
[Date "2015.02.05"]
[Round "10.48"]
[White "Krush,I"]
[Black "Vuilleumier,A"]
[Result "1-0"]
[WhiteElo "2467"]
[BlackElo "2336"]

1.c4 e5 2.g3 Nf6 3.Bg2 h6 4.Nf3 e4 5.Nd4 d5 6.d3 Bb4+ 7.Nc3 c5 8.Nc2 Bxc3+
9.bxc3 dxc4 10.dxe4 Qxd1+ 11.Kxd1 Be6 12.f4 Nc6 13.Ne3 O-O-O+ 14.Kc2 Na5
15.e5 Nd5 16.Nd1 Bd7 17.Nf2 Rhe8 18.e4 Ba4+ 19.Kb2 Nc7 20.Be3 b5 21.Bf1 b4
22.Rc1 bxc3+ 23.Rxc3 Nb5 24.Rxc4 Nxc4+ 25.Bxc4 Nd4 26.Bxf7 Re7 27.Bd5 Bc6
28.Bxc6 Nxc6 29.Kc3 Nd4 30.Kc4 Nc2 31.Bxc5 Rc7 32.Rc1 Nd4 33.Rd1 Ne6 34.Rxd8+ Kxd8
35.Nd3 Nxc5 36.Nxc5 Ke7 37.f5 Rc6 38.g4 Rb6 39.h4 Rb2 40.g5 Rc2+ 41.Kd5 hxg5
42.hxg5 Rd2+ 43.Kc6 Rg2 44.f6+ gxf6 45.exf6+ Kf7 46.e5 Rxg5 47.e6+  1-0

[Event "WCh Women 2015"]
[Site "Sochi RUS"]
[Date "2015.03.17"]
[Round "1.1"]
[White "Krush,I"]
[Black "Milliet,S"]
[Result "1-0"]
[WhiteElo "2477"]
[BlackElo "2377"]

1.d4 Nf6 2.c4 e6 3.Nc3 Bb4 4.Qc2 b6 5.e4 c5 6.d5 exd5 7.exd5 Qe7+ 8.Ne2 b5
9.Bd2 Bxc3 10.Bxc3 O-O 11.O-O-O Ne4 12.Be1 bxc4 13.Ng3 Nd6 14.Bxc4 Nxc4 15.Qxc4 d6
16.Bc3 Nd7 17.Rhe1 Qg5+ 18.f4 Nb6 19.fxg5 Nxc4 20.Re4 Nb6 21.Nh5 Bf5 22.Rf4 Bg6
23.Nxg7 c4 24.Nf5 Bxf5 25.Rxf5 Rfe8 26.Rdf1 Re7 27.h4 Rc8 28.h5 Na4 29.Bf6 Re2
30.R5f2 Rxf2 31.Rxf2 Nb6 32.Rf5 Re8 33.Kd2 Re4 34.Kc3 Na4+ 35.Kd2 Nb6 36.g3 Rg4
37.Rf3 Nxd5 38.Ra3 Nxf6 39.gxf6 h6 40.Rxa7 Rxg3 41.Ra8+ Kh7 42.Rf8 c3+ 43.bxc3 Rg2+
44.Kd3 Rxa2 45.Rxf7+ Kg8 46.Rg7+ Kf8 47.Rh7 Rh2 48.Rxh6 Kf7 49.Kd4 Rd2+ 50.Kc4 Rh2
51.Rh8 Kxf6 52.h6 Rd2 53.Rg8 Rh2 54.Rd8 Ke5 55.Rh8 Rh4+ 56.Kb5 Kd5 57.h7 Rh5
58.Kb6 Rh6 59.c4+ Kd4 60.Kb5 Rh5+ 61.Kb4 Rh1 62.Rd8 Rxh7 63.Rxd6+ Ke5 64.c5 Rb7+
65.Ka5 Rb1 66.Rd2 Ke6 67.c6 Ke7 68.c7 Rc1 69.Kb6 Rb1+ 70.Ka7 Rc1 71.Kb7 Rb1+
72.Kc8 Rb3 73.Re2+ Kf6 74.Re8 Kf7 75.Re4  1-0

[Event "US Chess League 2015"]
[Site "ICC INT"]
[Date "2015.09.29"]
[Round "6"]
[White "Gorman,D"]
[Black "Krush,I"]
[Result "0-1"]
[WhiteElo "2241"]
[BlackElo "2475"]

1.d4 Nf6 2.c4 e6 3.Nc3 Bb4 4.e3 b6 5.Ne2 Ba6 6.a3 Be7 7.Nf4 d5 8.b3 O-O 9.Be2 c6
10.O-O Nbd7 11.Bb2 Bd6 12.Re1 dxc4 13.bxc4 e5 14.Nh3 exd4 15.exd4 Qb8 16.g3 h6
17.Bf3 Qc7 18.Qa4 Bb7 19.Ne4 Nxe4 20.Bxe4 b5 21.Qc2 bxc4 22.Qxc4 Nf6 23.Bg2 Qd7
24.Qd3 Nd5 25.Bc1 Qd8 26.Bxd5 cxd5 27.Bf4 Be7 28.Bd2 Re8 29.Nf4 Qd7 30.Rab1 Bd6
31.Qf3 Re4 32.Qb3 Bc6 33.Be3 Bxf4 34.Bxf4 Rxd4 35.Be5 Rc4 36.Qd3 Ba4 37.Rb2 Re8
38.Bc3 Rxe1+ 39.Bxe1 Bb5 40.Qb3 a6 41.Rb1 d4 42.Rd1 Qd5 43.Bd2 d3 44.Rf1 Bc6
45.f3 Qd4+ 46.Kg2 Rc2 47.Qb8+ Kh7 48.Rf2 g5 49.h3 h5 50.Qf8 Bd5 51.h4 Rxd2
52.Rxd2 Qe3 53.Rf2 d2 54.hxg5 d1=Q 55.Qh6+ Kg8 56.Qxh5 Qde1 57.Rb2 Q1g1+
58.Kh3 Be6+  0-1

[Event "IMSA Rapid w 2016"]
[Site "Huai'an CHN"]
[Date "2016.02.26"]
[Round "3.3"]
[White "Krush,I"]
[Black "Paehtz,E"]
[Result "0-1"]
[WhiteElo "2458"]
[BlackElo "2472"]

1.c4 e6 2.Nc3 b6 3.e4 Bb7 4.Nf3 Bb4 5.Bd3 Ne7 6.O-O O-O 7.Bc2 f5 8.d4 Bxc3
9.bxc3 Bxe4 10.Bxe4 fxe4 11.Ng5 Nf5 12.Nxe4 Qe7 13.a4 Nc6 14.Ba3 d6 15.Re1 Rae8
16.Qd3 h6 17.Ra2 Qf7 18.Rae2 e5 19.d5 Nb8 20.a5 Nd7 21.Ra1 Qg6 22.Qh3 Nf6
23.Nxf6+ Qxf6 24.Bc1 e4 25.Ra3 Qf7 26.Be3 Rb8 27.g4 Qg6 28.Kf1 Nxe3+ 29.Rxe3 Rf4
30.Qh5 Qf6 31.Re2 Rf8 32.Raa2 Qxc3 33.g5 Qxc4 34.gxh6 Rxf2+ 35.Kg1 Qc1+  0-1

[Event "IMSA Rapid w 2016"]
[Site "Huai'an CHN"]
[Date "2016.02.26"]
[Round "4.5"]
[White "Khotenashvili,B"]
[Black "Krush,I"]
[Result "1-0"]
[WhiteElo "2502"]
[BlackElo "2458"]

1.d4 e6 2.c4 Bb4+ 3.Bd2 a5 4.g3 d5 5.Bg2 dxc4 6.Nf3 Nf6 7.Qc2 b5 8.a4 c6
9.axb5 Bxd2+ 10.Qxd2 cxb5 11.Qg5 Nd5 12.Qxg7 Qf6 13.Qxf6 Nxf6 14.Nc3 b4 15.Na4 Bb7
16.Nb6 Ra6 17.Nxc4 a4 18.O-O Nbd7 19.Rfc1 Ke7 20.Nfe5 Bxg2 21.Kxg2 Rc8 22.Nd3 Rac6
23.Na5 Rxc1 24.Nxc1 Rc2 25.Nd3 Nb6 26.Kf3 b3 27.Nb7 Nc4 28.Rxa4 Nxb2 29.Nxb2 Rxb2
30.Nc5 Rc2 31.Rb4 b2 32.Nd3 Nd5 33.Rxb2 Rc4 34.Rb7+ Kf6 35.Rxf7+  1-0

[Event "IMSA Rapid w 2016"]
[Site "Huai'an CHN"]
[Date "2016.02.27"]
[Round "6.7"]
[White "Krush,I"]
[Black "Harika,D"]
[Result "1-0"]
[WhiteElo "2458"]
[BlackElo "2511"]

1.d4 g6 2.c4 Bg7 3.Nc3 c5 4.d5 d6 5.e4 Nf6 6.h3 O-O 7.Nf3 e6 8.Bd3 Nbd7 9.O-O e5
10.Bd2 Nh5 11.g3 h6 12.Qc2 Ndf6 13.Kg2 Nh7 14.Qc1 Qd7 15.Rh1 g5 16.Nd1 Qe7
17.Ne3 Kh8 18.Qd1 N5f6 19.h4 g4 20.Nh2 h5 21.f3 Rg8 22.fxg4 hxg4 23.Qe2 Nh5
24.Raf1 Bh6 25.Nf5 Bxf5 26.Rxf5 Bxd2 27.Rxh5 Ba5 28.Nxg4 Rg6 29.Ne3 Rag8
30.Nf5 Qf8 31.Rf1 Rg4 32.Kh2 R8g6 33.Nh6 Rxg3 34.Nxf7+ Kg7 35.Rxh7+ Kxh7
36.Ng5+ R3xg5 37.Rxf8 Rg4 38.Qf2  1-0

[Event "IMSA Rapid w 2016"]
[Site "Huai'an CHN"]
[Date "2016.02.27"]
[Round "7.7"]
[White "Mkrtchian,L"]
[Black "Krush,I"]
[Result "0-1"]
[WhiteElo "2434"]
[BlackElo "2458"]

1.c4 e5 2.Nc3 Nc6 3.g3 g6 4.Bg2 Bg7 5.d3 d6 6.e3 Nf6 7.Nge2 O-O 8.Rb1 Be6
9.Nd5 Ne8 10.h3 Qd7 11.b3 Nd8 12.d4 c6 13.Ndc3 exd4 14.Nxd4 Bf5 15.e4 Be6
16.Bb2 Rb8 17.Nce2 a6 18.Nxe6 Nxe6 19.Bxg7 N8xg7 20.O-O Rbd8 21.Qc2 a5 22.Rbd1 Qc7
23.Nc3 Nc5 24.Kh2 Rfe8 25.Qd2 Qb6 26.f4 f5 27.exf5 Nxf5 28.Rfe1 a4 29.Qb2 Rxe1
30.Rxe1 Nd3 31.Nxa4 Qc7 32.Qb1 Nxe1 33.Qxe1 Qf7 34.Nc3 Qe7 35.Qa1 Qf6 36.Qc1 Qd4
37.Ne2 Qf2 38.Qf1 Qe3 39.Bf3 Re8 40.Ng1 Qd2+ 41.Qg2 Qc3 42.Bg4 Ne3 43.Qe2 Nxg4+
44.Qxg4 Qc2+ 45.Kh1 Re1 46.Qc8+ Kg7 47.Qxb7+ Kh6 48.Qxc6 Qxa2 49.Qxd6 Qf2
50.Qf8+ Kh5 51.g4+ Kh4 52.Qf6+ Kg3 53.Qc3+ Re3  0-1

[Event "IMSA Blitz w 2016"]
[Site "Huai'an CHN"]
[Date "2016.02.28"]
[Round "1.3"]
[White "Krush,I"]
[Black "Dzagnidze,N"]
[Result "0-1"]
[WhiteElo "2458"]
[BlackElo "2529"]

1.d4 Nf6 2.c4 e6 3.Nc3 Bb4 4.e3 O-O 5.Bd3 Re8 6.Ne2 b6 7.a3 Bf8 8.e4 d6 9.O-O Bb7
10.Bg5 e5 11.d5 Nbd7 12.b4 a5 13.Qd2 h6 14.Bh4 g6 15.f3 Kh7 16.Nb5 Bg7 17.Bf2 Ba6
18.Rac1 axb4 19.axb4 Bxb5 20.cxb5 Ra3 21.Rc2 Qb8 22.Rfc1 Rc8 23.Rc3 Ra4 24.Rc6 Ne8
25.Qc3 Qa7 26.Bc2 Ra2 27.Bd1 Ra8 28.h3 Ra1 29.Bb3 Qa3 30.Kh2  0-1

[Event "IMSA Blitz w 2016"]
[Site "Huai'an CHN"]
[Date "2016.02.28"]
[Round "2.7"]
[White "Khotenashvili,B"]
[Black "Krush,I"]
[Result "1-0"]
[WhiteElo "2502"]
[BlackElo "2458"]

1.d4 Nf6 2.Nf3 d6 3.c4 Nbd7 4.Nc3 e5 5.e4 Be7 6.g3 O-O 7.Bg2 c6 8.O-O Qe8
9.Re1 Bd8 10.h3 Qe7 11.a4 Ba5 12.Qc2 Re8 13.b3 Bb4 14.Bd2 Nf8 15.Nd5 Nxd5
16.exd5 Bxd2 17.Nxd2 cxd5 18.cxd5 Qf6 19.dxe5 Rxe5 20.Nc4 Bf5 21.Qd2 Rxe1+
22.Rxe1 b6 23.Qf4 Rd8 24.g4 Bc2 25.Qxf6 gxf6 26.Re3 Ng6 27.Rc3 Bb1 28.Ne3 Nf4
29.Rc7 a5 30.Rc6 Ne2+ 31.Kh2 Nd4 32.Rxb6 Ba2 33.Nc4 Bxb3 34.Nxa5 Bc2 35.Nb7 Rb8
36.a5 Bd3 37.Nxd6 Ra8 38.Nb7 Bc4 39.d6 Be6 40.a6 Rc8 41.a7 Ra8 42.Ra6 Nb5
43.Ra5 Nxa7 44.Nc5 Rd8 45.Nxe6 fxe6 46.Rxa7 Rxd6 47.Kg3 Rd3+ 48.f3 Rd6 49.Bf1 Rc6
50.h4 Rd6 51.Bc4 Rc6 52.Bd3 h6 53.h5 Rd6 54.Bg6  1-0

[Event "IMSA Blitz w 2016"]
[Site "Huai'an CHN"]
[Date "2016.02.28"]
[Round "4.8"]
[White "Socko,M"]
[Black "Krush,I"]
[Result "0-1"]
[WhiteElo "2448"]
[BlackElo "2458"]

1.d4 Nf6 2.c4 d6 3.Nc3 Nbd7 4.e4 e5 5.Nf3 Be7 6.Be2 O-O 7.O-O c6 8.Be3 Qe8
9.d5 cxd5 10.cxd5 Bd8 11.Nd2 Bb6 12.Nc4 Bxe3 13.Nxd6 Bxf2+ 14.Rxf2 Qd8 15.Rc1 Nc5
16.Nxc8 Rxc8 17.Bf3 Qb6 18.Qd2 Ne8 19.Kh1 Nd6 20.Rcf1 f6 21.Qe2 a5 22.Bg4 Rc7
23.Be6+ Kh8 24.Rf3 Re7 25.Bf5 Nxf5 26.Rxf5 Qb4 27.R1f2 Rc8 28.h4 a4 29.a3 Qd4
30.h5 h6 31.R5f3 Nb3 32.Rg3 Qc4 33.Qg4 Rf8 34.d6 Ref7 35.Nd5 Qc1+ 36.Kh2 Qc5
37.Rxf6 gxf6 38.Nxf6 Qc8 39.d7 Qd8 40.Nd5 Qxd7 41.Qg6 Qc6 42.Qg4 Nd4 43.Qh4 Rg7
44.Rc3 Qe6 45.Re3 Qg4 46.Qe1 Qxh5+ 47.Rh3 Qg5 48.Qg1 Rfg8 49.g3 Nf3+  0-1

[Event "IMSA Blitz w 2016"]
[Site "Huai'an CHN"]
[Date "2016.02.28"]
[Round "5.1"]
[White "Krush,I"]
[Black "Ju Wenjun"]
[Result "1-0"]
[WhiteElo "2458"]
[BlackElo "2558"]

1.d4 Nf6 2.c4 e6 3.Nc3 Bb4 4.e3 O-O 5.Bd3 c5 6.Nf3 Nc6 7.O-O Bxc3 8.bxc3 d6
9.e4 e5 10.d5 Ne7 11.Nh4 Ng6 12.Nf5 Nf4 13.Bxf4 exf4 14.Qf3 Bxf5 15.exf5 Qa5
16.Rfc1 Rfe8 17.Qxf4 Re5 18.g4 Rae8 19.a4 h6 20.h3 b6 21.Kg2 Qa6 22.Rcb1 Qa5
23.Ra3 Qa6 24.Rb5 Qc8 25.a5 Qc7 26.axb6 axb6 27.Ra6 Rb8 28.Qd2 Nd7 29.Qa2 Qd8
30.Ra7 h5 31.Qd2 hxg4 32.hxg4 Qh4 33.Qf4 Nf6 34.Qg3 Qxg4 35.Qxg4 Nxg4 36.Rd7 Re1
37.Rxd6 Ne5 38.Bf1 Re4 39.Rdxb6 Rxb6 40.Rxb6 Rg4+ 41.Kh3 Rf4 42.Rb5 Rxf2
43.Bg2 Nxc4 44.Rxc5 Ne3 45.Be4 Rf4 46.Rc8+ Kh7 47.d6 Nxf5 48.Bxf5+ Rxf5 49.d7  1-0

[Event "IMSA Blitz w 2016"]
[Site "Huai'an CHN"]
[Date "2016.02.28"]
[Round "7.2"]
[White "Zhao Xue"]
[Black "Krush,I"]
[Result "1-0"]
[WhiteElo "2506"]
[BlackElo "2458"]

1.Nf3 d5 2.g3 Bg4 3.Bg2 Nd7 4.d4 c6 5.O-O Ngf6 6.Nbd2 e6 7.h3 Bh5 8.c4 Be7
9.b3 O-O 10.Bb2 Ne4 11.Rc1 f5 12.Kh2 Bd6 13.Ne5 Nxe5 14.dxe5 Bb4 15.Nf3 Qe7
16.Nd4 Rfd8 17.Qc2 a6 18.f3 Ng5 19.c5 Bg6 20.f4 Ne4 21.Bxe4 dxe4 22.a3 Ba5
23.e3 Rd5 24.b4 Bc7 25.Rg1 a5 26.g4 axb4 27.axb4 fxg4 28.Rxg4 Qf7 29.Rcg1 Ra2
30.Qb1 Ra4 31.Bc3 Rd8 32.Qb3 Rda8 33.R4g2 Ra3 34.Qc4 Re8 35.h4 Kh8 36.h5 Qe7
37.Kh3 Bxh5 38.Rxg7 Qd8  1-0

[Event "IMSA Blitz w 2016"]
[Site "Huai'an CHN"]
[Date "2016.02.28"]
[Round "8.7"]
[White "Krush,I"]
[Black "Paehtz,E"]
[Result "1-0"]
[WhiteElo "2458"]
[BlackElo "2472"]

1.d4 e6 2.c4 Bb4+ 3.Bd2 a5 4.g3 d6 5.Bg2 Nc6 6.e3 Nf6 7.Ne2 e5 8.d5 Bxd2+
9.Qxd2 Nb8 10.Nbc3 Na6 11.e4 O-O 12.O-O Nc5 13.f4 exf4 14.gxf4 Nfd7 15.Ng3 Nb6
16.Qd4 Qh4 17.Nb5 Na6 18.Nxc7 Nxc7 19.Qxb6 Qe7 20.c5 Ne8 21.cxd6 Nxd6 22.e5 Nc4
23.Qd4 Qb4 24.a3 Qb5 25.Rfc1 Nb6 26.Qc5 Qb3 27.Qc3 Qb5 28.Qc5 Qb3 29.Rab1 Bd7
30.Qd4 Rac8 31.d6 Na4 32.Rc7 Rxc7 33.dxc7 Bc6 34.Bxc6 bxc6 35.Rc1 Nb6 36.Rxc6 Nc8
37.Ne4 Ne7 38.Rc1 Qb7 39.Nd6 Qf3 40.c8=Q Nxc8 41.Nxc8 Qg4+ 42.Kf2 Rxc8 43.Rxc8+ Qxc8
44.Qc3 Qd8 45.Ke3 g6 46.b4 axb4 47.axb4 Qh4 48.b5 Qxh2 49.Qc6 Qg1+ 50.Ke4 Qg2+
51.Kd4 Qd2+ 52.Kc5 Qxf4 53.Qd6 Qc1+ 54.Kb6 h5 55.Ka7 Qa1+ 56.Kb8 Qb2 57.b6 h4
58.b7 h3 59.Qd8+ Kg7 60.Qf6+ Kg8 61.Kc8 Qc3+ 62.Kd8 Qd4+ 63.Qd6 Qxd6+ 64.exd6 h2
65.b8=Q h1=Q 66.Kc7+ Kg7 67.Qb2+ Kg8 68.d7  1-0

[Event "IMSA Blitz w 2016"]
[Site "Huai'an CHN"]
[Date "2016.02.28"]
[Round "9.3"]
[White "Lagno,Kateryna"]
[Black "Krush,I"]
[Result "1-0"]
[WhiteElo "2529"]
[BlackElo "2458"]

1.e4 g6 2.d4 Bg7 3.Nc3 c6 4.Bc4 d6 5.Nf3 Nf6 6.O-O Nxe4 7.Bxf7+ Kxf7 8.Nxe4 Rf8
9.d5 Kg8 10.h3 Nd7 11.c4 Nb6 12.Qb3 cxd5 13.cxd5 Bd7 14.a4 a5 15.Be3 Ra6
16.Bd4 Rxf3 17.Qxf3 Bxd4 18.Rfe1 Nxa4 19.Rad1 Bxb2 20.h4 Bg7 21.h5 Nc5 22.Nxc5 dxc5
23.d6 Rxd6 24.Rxd6 exd6 25.Qd5+ Kh8 26.Qxd6 Qc8 27.hxg6 hxg6 28.Qxg6 Qc6
29.Qh5+ Kg8 30.Re7 Kf8 31.Qf7+  1-0

[Event "IMSA Blitz w 2016"]
[Site "Huai'an CHN"]
[Date "2016.02.28"]
[Round "10.6"]
[White "Krush,I"]
[Black "Tan Zhongyi"]
[Result "1-0"]
[WhiteElo "2458"]
[BlackElo "2504"]

1.d4 d5 2.c4 e6 3.Nc3 Bb4 4.a3 Bxc3+ 5.bxc3 Nf6 6.e3 c5 7.cxd5 exd5 8.Bd3 O-O
9.Ne2 b6 10.O-O Ba6 11.f3 Re8 12.Ra2 Bxd3 13.Qxd3 Nc6 14.Ng3 Qd7 15.Re2 Rad8
16.Bb2 Re6 17.Rd1 Na5 18.e4 Nc4 19.Bc1 cxd4 20.cxd4 b5 21.e5 Ne8 22.f4 Rc6
23.f5 Rdc8 24.Bf4 Qe7 25.Qf3 Qxa3 26.Qxd5 Qb3 27.Rde1 Qd3 28.e6 fxe6 29.Rxe6 Rxe6
30.Qxe6+ Kf8 31.Qxc8 Qxd4+ 32.Kh1 Ne3 33.Bxe3  1-0

[Event "IMSA Blitz w 2016"]
[Site "Huai'an CHN"]
[Date "2016.02.29"]
[Round "11.4"]
[White "Mkrtchian,L"]
[Black "Krush,I"]
[Result "0-1"]
[WhiteElo "2434"]
[BlackElo "2458"]

1.c4 e5 2.Nc3 Nc6 3.g3 g6 4.Bg2 Bg7 5.e4 d6 6.Nge2 h5 7.h4 Nd4 8.Nxd4 exd4
9.Nd5 c6 10.Nf4 Nf6 11.d3 Ng4 12.Nh3 O-O 13.O-O Qe7 14.Bg5 f6 15.Bd2 Bh6
16.Bxh6 Nxh6 17.Nf4 Kh7 18.f3 Nf7 19.Qd2 Ne5 20.Rae1 Bd7 21.Ne2 c5 22.Nf4 Rg8
23.Nd5 Qf7 24.f4 Ng4 25.f5 g5 26.hxg5 Rxg5 27.Qf4 Ne5 28.Rd1 Rag8 29.Qh4 Bc6
30.Nf4 Kh6 31.Rd2 Rxg3 32.Qh2 Nf3+ 33.Rxf3 Rxf3 34.Rd1 Rfg3 35.Rd2 R8g4 36.Ng6 Qg7
37.Kh1 Be8 38.Nh4 Qg5 39.Nf3 Qe3 40.Rd1 Rxf3  0-1

[Event "IMSA Blitz w 2016"]
[Site "Huai'an CHN"]
[Date "2016.02.29"]
[Round "13.5"]
[White "Huang Qian"]
[Black "Krush,I"]
[Result "0-1"]
[WhiteElo "2450"]
[BlackElo "2458"]

1.d4 d5 2.Nf3 Nf6 3.g3 c6 4.Bg2 Bf5 5.O-O h6 6.c4 e6 7.b3 Nbd7 8.Bb2 Bd6
9.Nbd2 Ne4 10.Ne5 Nxd2 11.Qxd2 Nxe5 12.dxe5 Bc5 13.b4 Be7 14.cxd5 cxd5 15.Rfc1 O-O
16.Qd4 Qb6 17.a3 Rfc8 18.e3 Bc2 19.Qd2 Bf5 20.Bd4 Qa6 21.Bf1 Qa4 22.f3 a5
23.b5 Rxc1 24.Qxc1 Bc2 25.Qd2 Bb3 26.Qc3 Bc4 27.Bxc4 dxc4 28.b6 Rc8 29.Kf2 Qb3
30.f4 a4 31.Kf3 Rd8 32.Kf2 Qxc3 33.Bxc3 Rd3 34.Bb4 Bxb4 35.axb4 a3 36.Ke2 Kf8
37.Rc1 a2 38.Ra1 Ra3 39.Kd2 Ke7 40.Kc2 c3 41.e4 f6 42.exf6+ Kxf6 43.b5 e5
44.f5 Kg5 45.h3 h5 46.Kd3 h4 47.g4 Kf4 48.Kc2 Kxe4 49.Re1+ Kf4 50.Ra1 e4
51.Rf1+ Kg3 52.Ra1 e3 53.g5 e2 54.f6 gxf6 55.g6 e1=Q 56.Rxe1 a1=Q 57.g7 Qb2+
58.Kd3 Qd2+ 59.Kc4 Ra4+ 60.Kc5 Qf2+ 61.Kd6 Ra8 62.Re4 c2 63.Rg4+ Kxh3  0-1

[Event "IMSA Blitz w 2016"]
[Site "Huai'an CHN"]
[Date "2016.02.29"]
[Round "14.4"]
[White "Krush,I"]
[Black "Harika,D"]
[Result "1/2-1/2"]
[WhiteElo "2458"]
[BlackElo "2511"]

1.d4 Nf6 2.c4 e6 3.Nc3 c5 4.d5 exd5 5.cxd5 d6 6.e4 g6 7.f4 Bg7 8.Bb5+ Bd7
9.e5 Nh5 10.Nf3 O-O 11.O-O Bg4 12.h3 Bxf3 13.Qxf3 dxe5 14.f5 a6 15.Bd3 Nd7
16.Ne4 Nf4 17.g3 Nxd3 18.Qxd3 Nf6 19.Bg5 c4 20.Qxc4 Qb6+ 21.Rf2 Rac8 22.Qd3 Nxe4
23.Qxe4 gxf5 24.Qxf5 e4 25.Kg2 e3 26.Re2 Rce8 27.Bf4 Qb5 28.Rae1 Rd8 29.Rxe3 Rxd5
30.Qc2 Qxb2 31.Qxb2 Bxb2 32.Rb1 Bd4 33.Rd3 Rc8 34.Rbd1 Rc4 35.Be3 Bxe3 36.Rxd5 Rc2+
37.Kf3 Bh6 38.a4 Ra2 39.R1d4 Ra3+ 40.Kg4 Kg7 41.Rd7 b5 42.axb5 axb5 43.Rb7 Rb3
44.Rdd7 Rb4+ 45.Kf5 Rb3 46.Rxf7+ Kg8 47.Kg4 Rb4+ 48.Kh5 Bf8 49.Rfd7 Rb3 50.Kh4 b4
51.Rb8 Rf3 52.Rdd8 Kg7 53.Rb7+ Kg8 54.Rxb4 Kf7 55.Rf4+ Rxf4+ 56.gxf4 Be7+
57.Kg3 Bxd8 58.f5 Kf6 59.Kg2 Kxf5 60.Kh1 Kf4 61.Kg2 Bc7 62.Kh1 Ke5  1/2-1/2

[Event "IMSA Blitz w 2016"]
[Site "Huai'an CHN"]
[Date "2016.02.29"]
[Round "15.6"]
[White "Gunina,V"]
[Black "Krush,I"]
[Result "1-0"]
[WhiteElo "2496"]
[BlackElo "2458"]

1.d4 e6 2.c4 Bb4+ 3.Bd2 a5 4.e4 d5 5.cxd5 exd5 6.e5 c5 7.Nf3 Nc6 8.Bb5 Ne7
9.O-O O-O 10.Bg5 cxd4 11.Nxd4 Nxe5 12.Nc3 f6 13.Bf4 N7c6 14.Nce2 Qb6 15.Ba4 Bg4
16.f3 Bc5 17.Be3 Nc4 18.Bf2 Nxb2 19.Qb3 Nxd4 20.Nxd4 Bxd4 21.fxg4 Qxb3 22.Bxb3 Bxf2+
23.Rxf2 Nc4 24.Rd1 Rfd8 25.Rxd5 Rdc8 26.Rc2 b5 27.Rxb5  1-0

[Event "IMSA Blitz w 2016"]
[Site "Huai'an CHN"]
[Date "2016.02.29"]
[Round "16.3"]
[White "Dzagnidze,N"]
[Black "Krush,I"]
[Result "1/2-1/2"]
[WhiteElo "2529"]
[BlackElo "2458"]

1.d4 e6 2.c4 Bb4+ 3.Bd2 a5 4.Nf3 d6 5.Nc3 Nf6 6.Qc2 d5 7.e3 O-O 8.Bd3 b6
9.O-O Bb7 10.cxd5 exd5 11.Ne5 c5 12.Nb5 c4 13.Bf5 Nc6 14.b3 g6 15.Bh3 Qe7
16.bxc4 Nxe5 17.Bxb4 axb4 18.dxe5 Qxe5 19.cxd5 Nxd5 20.Rfd1 Nxe3 21.Qe2 Ba6
22.Qxe3 Qxe3 23.fxe3 Bxb5 24.Rdb1 Ra4 25.Rb2 Bc4 26.Rab1 b5 27.Rxb4 Rxa2
28.Bd7 Rd8 29.Bxb5 Be6 30.R4b2 Rd2 31.Rxd2 Rxd2 32.Bf1 h5 33.Re1 Kg7 34.Re2 Rd1
35.Kf2 Rxf1+ 36.Kxf1 Bc4 37.Kf2 Bxe2 38.Kxe2 Kf6 39.Kf3 Ke5 40.h4 f6 41.Ke2 Ke4
42.Kf2 f5 43.Ke2 f4 44.exf4 Kxf4 45.Kf2 Kg4 46.g3 Kh3 47.Kf3 Kh2 48.Kf2  1/2-1/2

[Event "IMSA Blitz w 2016"]
[Site "Huai'an CHN"]
[Date "2016.02.29"]
[Round "17.7"]
[White "Krush,I"]
[Black "Khotenashvili,B"]
[Result "1/2-1/2"]
[WhiteElo "2458"]
[BlackElo "2502"]

1.d4 g6 2.c4 Bg7 3.e4 c5 4.d5 d6 5.Nc3 e6 6.Nf3 Ne7 7.Be2 O-O 8.O-O h6 9.Be3 exd5
10.exd5 Bg4 11.h3 Bxf3 12.Bxf3 Nd7 13.Bf4 Ne5 14.Be2 Nf5 15.Qd2 Kh7 16.Bh2 Re8
17.Rae1 a6 18.Bd3 Nd4 19.Bxe5 Rxe5 20.Rxe5 dxe5 21.Ne4 Qb6 22.b4 Qxb4 23.Rb1 Qxd2
24.Nxd2 b5 25.Ne4 Bf8 26.cxb5 axb5 27.Bxb5 f5 28.Nf6+ Kg7 29.Nd7 Bd6 30.a4 Kf7
31.Nb6 Rb8 32.Nc4 Ke7 33.Na5 e4 34.Kf1 Kd8 35.Nc6+ Nxc6 36.dxc6 Ra8 37.Ke2 Kc7
38.Kd2 Be5 39.Kc2 c4 40.Rd1 c3 41.Rd7+ Kb6 42.Rb7+ Kc5 43.Re7 Bd4 44.c7 Kb6
45.Bd7 Kxc7 46.Bxf5+ Kd6 47.Rxe4 Bxf2 48.Bxg6 Rg8 49.Rg4 Be1 50.a5 Ra8 51.Ra4 Kc5
52.Bd3 Ra7 53.a6 Bd2 54.Rg4 Kb6 55.Rg6+ Ka5 56.g4 Re7 57.Rd6 Rc7 58.Rd5+ Kb6
59.Rd4 Ka7 60.Rb4 Re7 61.Rb1 Rf7 62.Be4 Re7 63.Rb7+ Rxb7 64.Bxb7 Kb6 65.Bc8 Ka7
66.Kb3 Kb6 67.Bb7 Ka7 68.h4 Kb6 69.Bc8 Ka7 70.Bb7 Kb6 71.Kc2 Ka7 72.Kd3 Kb6
73.g5 hxg5 74.hxg5 Bxg5 75.Kxc3 Bf6+ 76.Kb3  1/2-1/2